000 00307 a2200109 4500
001 ART_6226
005 20260410161825.0
008 260409a
245 1 0 _aIntroducción a la matemática borrosa
100 1 _aMallo, Paulino E.
773 0 _tFACES
_g- Año 4, Nº 5 (may. 1998)
_wREV5046
999 _c22723
_d22723